00821 a2200217 450000500170000000800410001702000180005804000440007604100080012024501600012826000300028830000180031865000160033665000290035265000310038165000380041265000240045070000340047470000440050876500510055220170616144715.0170616s2017 sp ||||| |||| 00| 0 spa d a9788449333057 aCO-BoUCMbspacSaul NiñodSaul Niño1 aspa01a¿Quién es Dáesh? bclaves para comprender el nuevo terrorismocÉric Fottorino, compilador ; traducción al francés de María Valeria Di Battista aBarcelonabPaidósc2017 a175 páginas 7aTerrorismo  7aIslamismo y filosofía  7aFundamentalismo islámico 7aRadicalismo xAspectos religiosos 7aCiencia política 1 aFottorino, Éricecompilador1 aDi Battista, María Valeriaetraductor aQui est DAECH? Comprende le nouveau terrorisme